• AIU
  • Tony Wilmot Memorial Library

In my father's house /. (Record no. 42574)

MARC details
000 -LEADER
fixed length control field 00975nam a22002651a 4500
001 - CONTROL NUMBER
control field 1558585
005 - DATE AND TIME OF LATEST TRANSACTION
control field 20170727020003.0
008 - FIXED-LENGTH DATA ELEMENTS--GENERAL INFORMATION
fixed length control field 920226s1992 mnu 000 1 eng
010 ## - LIBRARY OF CONGRESS CONTROL NUMBER
LC control number 92005444
-- 92005444
020 ## - INTERNATIONAL STANDARD BOOK NUMBER
International Standard Book Number 1556611897
040 ## - CATALOGING SOURCE
Original cataloging agency DLC
Transcribing agency DLC
Modifying agency DLC
050 00 - LIBRARY OF CONGRESS CALL NUMBER
Classification number PS3570.H46
Item number I5 1992
082 00 - DEWEY DECIMAL CLASSIFICATION NUMBER
Classification number PS 3570.H46I5 1992
Edition number 20
100 1# - MAIN ENTRY--PERSONAL NAME
Personal name Thoene, Bodie,
Dates associated with a name 1951-
245 10 - TITLE STATEMENT
Title In my father's house /.
260 ## - PUBLICATION, DISTRIBUTION, ETC. (IMPRINT)
Place of publication, distribution, etc Minneapolis :
Name of publisher, distributor, etc Bethany House Publishers,
Date of publication, distribution, etc c1992.
300 ## - PHYSICAL DESCRIPTION
Extent 430 p. ; 22 cm.
490 1# - SERIES STATEMENT
Series statement The Shiloh legacy ;
Volume number/sequential designation 1
700 1# - ADDED ENTRY--PERSONAL NAME
Personal name Thoene, Brock,
Dates associated with a name 1952-
800 1# - SERIES ADDED ENTRY--PERSONAL NAME
Personal name Thoene, Bodie,
Dates associated with a name 1951-
Title of a work Shiloh legacy ;
Volume/sequential designation 1.
906 ## - LOCAL DATA ELEMENT F, LDF (RLIN)
a 7
b cbc
c orignew
d 1
e ocip
f 19
g y-gencatlg
925 0# -
-- acquire
-- 1 shelf copy
-- policy defa
955 ## - COPY-LEVEL INFORMATION (RLIN)
-- lh08 2004-04-02
-- lh08 2004-04-02 (book erroneously sent to labelling before the CIP ver. was done on it)
942 00 - ADDED ENTRY ELEMENTS (KOHA)
Koha issues (borrowed), all copies 2
Holdings
Withdrawn status Lost status Source of classification or shelving scheme Damaged status Not for loan Collection code Home library Current library Shelving location Date acquired Source of acquisition Cost, normal purchase price Total Checkouts Full call number Barcode Date last seen Copy number Price effective from Koha item type Date checked out
    Library of Congress Classification     Fiction AIU/NEGST - Tony Wilmot Memorial Library AIU/NEGST - Tony Wilmot Memorial Library Fiction 01/21/2010 Donation 35.90   FIC PS 3570.H46I5 1992 R24310A3232 09/29/2019 1 01/21/2010 Books  
    Library of Congress Classification     Fiction AIU/NEGST - Tony Wilmot Memorial Library AIU/NEGST - Tony Wilmot Memorial Library Fiction 01/21/2010   35.90 3 FIC PS 3570.H46I5 1992 R24612N3232 09/29/2019 2 01/21/2010 Books 07/26/2017